| 000 | 00907cab a2200253 4500 | ||
|---|---|---|---|
| 001 | WB3423-04 | ||
| 008 | 090401t1998 xxu||||| |||| 00| 0 eng d | ||
| 035 | _a(Sirsi) u86861 | ||
| 041 | _aeng | ||
| 245 | _aScotsman property survey | ||
| 260 | _c1998 | ||
| 350 | _a0 | ||
| 490 |
_aScotsman _v16 June 1998, (16) LOAN |
||
| 520 | _aFeatures on conversion of redundant office buidings to hotels in Edinburgh, the port of Leith, the licensed property market, the responsibility of Railtrack for former British Railways Board property, a review of the Aberdeen and Fife property markets, growth in health and fitness centres and opportunities for investors in Hong Kong. | ||
| 650 | _aABERDEEN | ||
| 650 | _aEDINBURGH | ||
| 650 | _aFIFE | ||
| 650 | _aLEITH | ||
| 650 | _aLICENSED PROPERTY | ||
| 650 | _aSCOTLAND | ||
| 690 | _aPROPERTY-COMMERCIAL PROPERTY | ||
| 942 | _n0 | ||
| 948 | _c17/06/1998 | ||
| 999 |
_c54698 _d54698 |
||